| 000 | 00662nam a22002417a 4500 | ||
|---|---|---|---|
| 001 | BD-DhSAU 2807 | ||
| 003 | BD-DhSAU | ||
| 005 | 20170517112628.0 | ||
| 008 | 150202s2016 bg |d|||r|||| 001 0 eng d | ||
| 040 | _aBD-DhSAU | ||
| 082 |
_222 _a330 _bH7949 |
||
| 100 | _aHossain, Md. Maqbul | ||
| 245 |
_aPrinciples of Economics / _c Md. Maqbul Hossain |
||
| 250 | _a | ||
| 260 |
_aDhaka : _bBorno Prokash , _cc2016. |
||
| 300 |
_a398 p. : _bill. ; _c22 cm. |
||
| 504 | _aIncludes bibliographical references and index. | ||
| 590 | _aKamim | ||
| 650 | _aEconomics. | ||
| 700 | _aHoque, A.T.A. Rezaul. | ||
| 710 | _aMandal , Kumar Anup. | ||
| 942 |
_2ddc _cBOOK |
||
| 999 |
_c13950 _d13949 |
||